000
00350nam a2200133Ia 4500
008
151001s9999||||xx |||||||||||||| ||und||
100
_a
एस एम काशीकर
245
_a
धुमकेतू
250
_a
1
260
_b
भारतीय प्रकाशन संस्था
260
_c
1968
300
_a
128
365
_b
7
999
_c
954393
_d
954390